Živnosť verzus s. r. o., aké sú rozdiely?

Založenie živnosti. Založenie s. r. o. zjednodušeným spôsobom. Riziko a ručenie pri s. r. o. a pri živnosti. Účtovníctvo a administratíva pri s. r. o. a pri živnosti. Zrušenie živnosti a s. r. o.

Guardado en:
Detalles Bibliográficos
Autor principal: Mičudová, Tatiana
Formato: Capítulo de libro
Lenguaje:eslovaco
Materias:
Etiquetas: Agregar Etiqueta
Sin Etiquetas, Sea el primero en etiquetar este registro!

MARC

LEADER 00000naa a2200000 4500
001 0306782
005 20250204145027.1
041 0 |a slo 
044 |a SK 
245 1 0 |a Živnosť verzus s. r. o., aké sú rozdiely?  |c Tatiana Mičudová 
520 |a Založenie živnosti. Založenie s. r. o. zjednodušeným spôsobom. Riziko a ručenie pri s. r. o. a pri živnosti. Účtovníctvo a administratíva pri s. r. o. a pri živnosti. Zrušenie živnosti a s. r. o. 
610 2 0 |a podnikanie 
610 2 0 |a formy podnikov 
610 2 0 |a živnosti 
610 2 0 |a živnostníci 
610 2 0 |a spoločnosti s r.o. 
610 2 0 |a osoby samostatne zárobkovo činné 
610 2 0 |a vedenie účtovníctva 
610 2 0 |a zákonník obchodný 
100 1 |a Mičudová, Tatiana